Электропривод колебательного движения
| Korporativní autor: | |
|---|---|
| Další autoři: | , |
| Shrnutí: | опубл. 27.12.09 Формула полезной модели. Электропривод колебательного движения, содержащий исполнительный двигатель, имеющий две взаимно перпендикулярные обмотки на статоре и роторе, соединенные параллельно с обмотками статора, и два задающих генератора, отличающийся тем, что в него введены два частотных модулятора, фазовое звено и два инвертора тока, которые подключены своими выходами к обмоткам статора и ротора, а входами к частотным модуляторам, входы первого частотного модулятора подключены к выходам первого и второго задающих генераторов, а входа второго частотного модулятора - к выходам второго задающего генератора и фазового звена, подключенного своим входом к выходу первого задающего генератора. В фонде НТБ ТПУ отсутствует |
| Jazyk: | ruština |
| Vydáno: |
|
| Témata: | |
| Médium: | MixedMaterials Kniha |
| KOHA link: | https://koha.lib.tpu.ru/cgi-bin/koha/opac-detail.pl?biblionumber=597504 |
MARC
| LEADER | 00000nam0a2200000 4500 | ||
|---|---|---|---|
| 001 | 597504 | ||
| 005 | 20240118141313.0 | ||
| 029 | 1 | 0 | |a RU |b 90277 |c Пат. |d МПК H 02 P 7/00 |
| 035 | |a (RuTPU)RU\TPU\tpu\20807 | ||
| 035 | |a RU\TPU\tpu\20806 | ||
| 039 | 0 | |a RU |b 2009 125765/22 |c 20090706 | |
| 090 | |a 597504 | ||
| 100 | |a 20120228j20091227k y0rusy50 ca | ||
| 101 | 0 | |a rus | |
| 102 | |a RU | ||
| 105 | |a a k 000zy | ||
| 200 | 1 | |a Электропривод колебательного движения |f А. В. Аристов, Л. А. Паюк |g Национальный исследовательский Томский политехнический университет (ТПУ) | |
| 300 | |a опубл. 27.12.09 | ||
| 330 | |a Формула полезной модели. Электропривод колебательного движения, содержащий исполнительный двигатель, имеющий две взаимно перпендикулярные обмотки на статоре и роторе, соединенные параллельно с обмотками статора, и два задающих генератора, отличающийся тем, что в него введены два частотных модулятора, фазовое звено и два инвертора тока, которые подключены своими выходами к обмоткам статора и ротора, а входами к частотным модуляторам, входы первого частотного модулятора подключены к выходам первого и второго задающих генераторов, а входа второго частотного модулятора - к выходам второго задающего генератора и фазового звена, подключенного своим входом к выходу первого задающего генератора. | ||
| 333 | |a В фонде НТБ ТПУ отсутствует | ||
| 610 | 1 | |a патенты | |
| 610 | 1 | |a труды учёных ТПУ | |
| 701 | 1 | |a Аристов |b А. В. |c специалист в области электротехники |c профессор Томского политехнического университета, доктор технических наук |f 1952- |g Анатолий Владимирович |3 (RuTPU)RU\TPU\pers\25508 | |
| 701 | 1 | |a Паюк |b Л. А. |c специалист в области электротехники |c старший преподаватель Томского политехнического университета, кандидат технических наук |f 1981- |g Любовь Анатольевна |3 (RuTPU)RU\TPU\pers\25685 |4 070 |9 11596 | |
| 712 | 0 | 2 | |a Национальный исследовательский Томский политехнический университет (ТПУ) |c (2009- ) |3 (RuTPU)RU\TPU\col\15902 |
| 801 | 1 | |a RU |b 63413507 |c 20120201 | |
| 801 | 2 | |a RU |b 63413507 |c 20200911 |g RCR | |
| 942 | |c BK | ||